Target 3 Billion (Record no. 56220)

MARC details
000 -LEADER
fixed length control field 00445nam a2200181Ia 4500
008 - FIXED-LENGTH DATA ELEMENTS--GENERAL INFORMATION
fixed length control field 230524s9999 xx 000 0 und d
020 ## - INTERNATIONAL STANDARD BOOK NUMBER
ISBN 9760143417309
082 ## - DEWEY DECIMAL CLASSIFICATION NUMBER
Item number KAL
100 ## - MAIN ENTRY--AUTHOR NAME
Personal name A.P.J. Abdul Kalam
245 #0 - TITLE STATEMENT
Title Target 3 Billion
250 ## - EDITION STATEMENT
Edition statement 1
260 ## - PUBLICATION, DISTRIBUTION, ETC. (IMPRINT)
Place of publication New Delhi
Name of publisher Penguin
Year of publication 2011
300 ## - PHYSICAL DESCRIPTION
Number of Pages 300p;
500 ## - GENERAL NOTE
General note Quantity Number: 1
650 ## - SUBJECT ADDED ENTRY--TOPICAL TERM
Topical Term Misalliance
700 ## - ADDED ENTRY--PERSONAL NAME
Personal name Srijan Pal Singh
942 ## - ADDED ENTRY ELEMENTS (KOHA)
Koha item type Books
Holdings
Lost status Damaged status Permanent Location Current Location Shelving location Date acquired Full call number Accession Number Koha item type
    Central Library, Trident Academy of Technology Central Library, Trident Academy of Technology General Stacks 05/24/2023 KAL 53454 Books
Trident Academy of Technology © 2023.
All rights reserved.                                                                                                                                                                                                        Designed by Team of Central Library .

Powered by Koha